[Event "Hull 4NCL op-A"]
[Site "Hull"]
[Date "2023.09.10"]
[Round "5"]
[White "Sheppard, Derek Alan"]
[Black "Ackley, Peter JE"]
[Result "0-1"]
[WhiteElo "1664"]
[BlackElo "1935"]
[PlyCount "50"]
[EventDate "2023.09.08"]
[EventType "swiss"]
[EventRounds "5"]
[EventCountry "ENG"]
[SourceTitle "EXT 2024"]
[Source "ChessBase"]
[SourceDate "2023.10.10"]
[SourceVersion "1"]
[SourceVersionDate "2023.10.10"]
[SourceQuality "1"]

1. d4 d6 2. Bf4 g6 3. e3 Bg7 4. Nf3 Nd7 5. h3 e5 6. Bh2 Nh6 7. Be2 f5 8. 0-0 Qe7 9. c4 Nf7 10. Nc3 c6 11. b4 0-0 12. Rb1 Nf6 13. Rb3 e4 14. Ne1 Be6 15. b5 c5 16. Nc2 Rfc8 17. d5 Bd7 18. f3 exf3 19. Bxf3 Ne5 20. Qe2 Re8 21. e4 fxe4 22. Nxe4 Nxf3+ 23. gxf3 Bxh3 24. Re1 Nxe4 25. fxe4 Bd7 0-1

[Event "Hull 4NCL op-A"]
[Site "Hull"]
[Date "2023.09.08"]
[Round "1"]
[White "Ackley, Peter JE"]
[Black "Bettley, Andrew D"]
[Result "1-0"]
[WhiteElo "1935"]
[BlackElo "1473"]
[PlyCount "59"]
[EventDate "2023.09.08"]
[EventType "swiss"]
[EventRounds "5"]
[EventCountry "ENG"]
[SourceTitle "EXT 2024"]
[Source "ChessBase"]
[SourceDate "2023.10.10"]
[SourceVersion "1"]
[SourceVersionDate "2023.10.10"]
[SourceQuality "1"]

1. c4 e5 2. Nc3 Nf6 3. Nf3 Nc6 4. e3 Be7 5. Be2 d6 6. d4 exd4 7. Nxd4 Nxd4 8. Qxd4 0-0 9. b3 c6 10. Bb2 Qa5 11. 0-0 Qe5 12. Rad1 Bf5 13. Bf3 Qxd4 14. Rxd4 Rfd8 15. Rfd1 Rd7 16. e4 Bg4 17. Bxg4 Nxg4 18. h3 Ne5 19. f4 Ng6 20. g3 Rad8 21. Kg2 Kf8 22. e5 Ke8 23. exd6 Rxd6 24. Rxd6 Rxd6 25. Rxd6 Bxd6 26. Ne4 Bf8 27. f5 Nh8 28. f6 gxf6 29. Nxf6+ Ke7 30. Ng8+ 1-0

[Event "Daventry 4NCL op-A 30th"]
[Site "Daventry"]
[Date "2023.06.18"]
[Round "4"]
[White "Ackley, Peter JE"]
[Black "Hertog, Alexander"]
[Result "1/2-1/2"]
[WhiteElo "1920"]
[BlackElo "1645"]
[PlyCount "159"]
[EventDate "2023.06.16"]
[EventType "swiss"]
[EventRounds "5"]
[EventCountry "ENG"]
[SourceTitle "CBM 214 Extra"]
[Source "ChessBase"]
[SourceDate "2023.07.31"]
[SourceVersion "1"]
[SourceVersionDate "2023.07.31"]
[SourceQuality "1"]

1. g3 d5 2. Bg2 Nf6 3. Nf3 g6 4. 0-0 Bg7 5. d3 0-0 6. Nbd2 c5 7. e4 Nc6 8. c3 b6 9. Qa4 Bb7 10. Re1 e5 11. Qc2 d4 12. c4 Qe7 13. a3 Qd6 14. Rb1 Rfc8 15. Nf1 a6 16. Bd2 Rcb8 17. b4 Ne7 18. bxc5 bxc5 19. Rb3 Bc8 20. Reb1 Nc6 21. Ne1 Be6 22. Rxb8+ Rxb8 23. Bf3 Nd7 24. Rxb8+ Qxb8 25. Bd1 Bf6 26. Qb3 Bd8 27. Qxb8 Ndxb8 28. f3 Bd7 29. Nc2 Na5 30. Na1 Nb7 31. Kf2 Kf8 32. Nb3 f6 33. Bc2 Ba4 34. Nxd4 Bxc2 35. Nxc2 Nc6 36. Nfe3 Nba5 37. Bxa5 Nxa5 38. Nd5 Kf7 39. Na1 Ke6 40. Ke2 Kd6 41. Kd2 Kc6 42. Kc3 Kd6 43. Nb3 Nxb3 44. Kxb3 Ke6 45. Kc2 g5 46. Kd2 Kd6 47. Ke3 Ke6 48. Kf2 Kf7 49. g4 Kg6 50. Ke2 Kf7 51. Kd2 Ke6 52. Kc3 Kd7 53. Kb3 Kc6 54. Ka4 Kb7 55. Ne3 Be7 56. Nf5 Bf8 57. h4 h6 58. h5 Ka7 59. Ne3 Be7 60. Nd5 Bd8 61. Kb3 Kb7 62. Kc2 Kc6 63. Kd2 Kd7 64. Ne3 Be7 65. Kc3 Kc6 66. Kb3 Kb7 67. Nf5 Bf8 68. a4 Ka7 69. a5 Kb7 70. Ka4 Ka7 71. Ne3 Be7 72. Nd5 Bd8 73. Nc3 Kb7 74. Nb1 Ka7 75. Nd2 Kb7 76. Nb3 Be7 77. Na1 Ka7 78. Nc2 Kb7 79. Ne3 Ka7 80. Nf5 1/2-1/2

[Event "Daventry 4NCL op-A 30th"]
[Site "Daventry"]
[Date "2023.06.18"]
[Round "5"]
[White "Jackson, Edward"]
[Black "Ackley, Peter JE"]
[Result "1/2-1/2"]
[WhiteElo "1966"]
[BlackElo "1920"]
[PlyCount "49"]
[EventDate "2023.06.16"]
[EventType "swiss"]
[EventRounds "5"]
[EventCountry "ENG"]
[SourceTitle "CBM 214 Extra"]
[Source "ChessBase"]
[SourceDate "2023.07.31"]
[SourceVersion "1"]
[SourceVersionDate "2023.07.31"]
[SourceQuality "1"]

1. e4 g6 2. d4 Bg7 3. Nc3 c6 4. Nf3 d6 5. h3 Nf6 6. a4 0-0 7. Be2 Qc7 8. 0-0 Nbd7 9. Be3 b6 10. Qd2 a6 11. Bh6 Bb7 12. Bxg7 Kxg7 13. Rfe1 Rad8 14. Bf1 e5 15. Rad1 Rfe8 16. dxe5 dxe5 17. Qe3 a5 18. Bc4 h6 19. b3 Nc5 20. Nd2 Bc8 21. Bf1 Be6 22. Nc4 Bxc4 23. Bxc4 Rxd1 24. Rxd1 Rd8 25. Rxd8 1/2-1/2

[Event "Daventry 4NCL op-A 30th"]
[Site "Daventry"]
[Date "2023.06.17"]
[Round "2"]
[White "Gazis, Georgios"]
[Black "Ackley, Peter JE"]
[Result "1/2-1/2"]
[WhiteElo "1855"]
[BlackElo "1920"]
[PlyCount "44"]
[EventDate "2023.06.16"]
[EventType "swiss"]
[EventRounds "5"]
[EventCountry "ENG"]
[SourceTitle "CBM 214 Extra"]
[Source "ChessBase"]
[SourceDate "2023.07.31"]
[SourceVersion "1"]
[SourceVersionDate "2023.07.31"]
[SourceQuality "1"]

1. e4 g6 2. d4 Bg7 3. Nc3 c6 4. Be3 d5 5. f3 dxe4 6. fxe4 Nf6 7. Nf3 Qa5 8. Qd2 Bg4 9. Ne5 Be6 10. Be2 Nbd7 11. Nc4 Qd8 12. 0-0 b5 13. d5 cxd5 14. exd5 Nxd5 15. Nxd5 bxc4 16. Bxc4 0-0 17. Bg5 Nf6 18. Bxf6 exf6 19. Rad1 Bxd5 20. Bxd5 Qb6+ 21. Qf2 Rad8 22. Qxb6 axb6 1/2-1/2

[Event "BCF-ch rapidplay 34th"]
[Site "Bingley"]
[Date "2023.04.16"]
[Round "11"]
[White "Ackley, Peter JE"]
[Black "Sivanandan, Bodhana"]
[Result "1/2-1/2"]
[WhiteElo "1931"]
[BlackElo "1746"]
[PlyCount "105"]
[EventDate "2023.04.15"]
[EventType "swiss (rapid)"]
[EventRounds "11"]
[EventCountry "ENG"]
[SourceTitle "CBM 213 Extra"]
[Source "ChessBase"]
[SourceDate "2023.05.31"]
[SourceVersion "1"]
[SourceVersionDate "2023.05.31"]
[SourceQuality "1"]

1. c4 e5 2. Nc3 Nc6 3. Nf3 f5 4. d4 exd4 5. Nxd4 Nxd4 6. Qxd4 Nf6 7. Qe5+ Be7 8. Qxf5 0-0 9. Qd3 b6 10. e4 Bb7 11. f3 d6 12. Be3 Nd7 13. Qc2 a5 14. Nd5 Bxd5 15. cxd5 Bf6 16. Bb5 Nc5 17. 0-0 Qe7 18. Rae1 Qe5 19. b3 Bg5 20. Bxg5 Qxg5 21. Qc1 Qxc1 22. Rxc1 Rf7 23. Rf2 Raf8 24. Rcc2 h6 25. Bc4 Re7 26. Kf1 g5 27. a3 b5 28. Bxb5 Nxb3 29. h3 Kg7 30. Rb2 Nc5 31. Ke1 Kg6 32. Rfd2 h5 33. Be2 g4 34. hxg4 hxg4 35. Rb5 gxf3 36. gxf3 Kg5 37. Rdb2 a4 38. Rb8 Rxb8 39. Rxb8 Kf4 40. Kd2 Rf7 41. Bd1 Rf6 42. Rb4 Rf8 43. Kc3 Ke3 44. Kc4 Kd2 45. Bxa4 Rxf3 46. Be8 Rxa3 47. Kb5 Rc3 48. Bg6 Ke3 49. Bh7 Kf4 50. Bg6 Ke3 51. Bh7 Kf4 52. Bg6 Ke3 53. Bh7 1/2-1/2

[Event "Daventry 4NCL Easter op-A 3rd"]
[Site "Daventry"]
[Date "2023.04.09"]
[Round "4"]
[White "Ackley, Peter JE"]
[Black "Kothari, Jai"]
[Result "1/2-1/2"]
[WhiteElo "1931"]
[BlackElo "1722"]
[PlyCount "95"]
[EventDate "2023.04.07"]
[EventType "swiss"]
[EventRounds "7"]
[EventCountry "ENG"]
[SourceTitle "CBM 213 Extra"]
[Source "ChessBase"]
[SourceDate "2023.05.31"]
[SourceVersion "1"]
[SourceVersionDate "2023.05.31"]
[SourceQuality "1"]

1. g3 e5 2. c4 g6 3. Bg2 Bg7 4. Nc3 f5 5. d3 Nf6 6. e3 0-0 7. Nge2 c6 8. b4 d5 9. cxd5 Nxd5 10. Nxd5 cxd5 11. Qb3 e4 12. Bb2 Bxb2 13. Qxb2 Be6 14. 0-0 Qb6 15. Rfd1 Nc6 16. dxe4 dxe4 17. Rd6 Bf7 18. a3 Qc7 19. Rad1 Rad8 20. Rxd8 Rxd8 21. Rd2 Rxd2 22. Qxd2 Ne5 23. Nd4 a6 24. h3 Kf8 25. Bf1 Ke7 26. Be2 Bc4 27. Bd1 Bd3 28. Bb3 Qd7 29. Qc3 b6 30. Kg2 h6 31. f4 exf3+ 32. Nxf3 Nxf3 33. Qg7+ Kd8 34. Qxd7+ Kxd7 35. Kxf3 Kd6 36. h4 Ke5 37. Bf7 g5 38. hxg5 hxg5 39. Be8 g4+ 40. Kf2 Be4 41. Ke2 Bg2 42. Kd3 Bf1+ 43. Kd2 Bb5 44. Bxb5 axb5 45. Kd3 Kd5 46. Kd2 Kd6 47. Kd3 Ke5 48. Kd2 1/2-1/2

[Event "Daventry 4NCL Easter op-A 3rd"]
[Site "Daventry"]
[Date "2023.04.08"]
[Round "2"]
[White "Ackley, Peter JE"]
[Black "Gibson, Christopher A"]
[Result "1/2-1/2"]
[WhiteElo "1931"]
[BlackElo "1841"]
[PlyCount "165"]
[EventDate "2023.04.07"]
[EventType "swiss"]
[EventRounds "7"]
[EventCountry "ENG"]
[SourceTitle "CBM 213 Extra"]
[Source "ChessBase"]
[SourceDate "2023.05.31"]
[SourceVersion "1"]
[SourceVersionDate "2023.05.31"]
[SourceQuality "1"]

1. Nf3 c5 2. g3 g6 3. Bg2 Bg7 4. 0-0 Nc6 5. c4 e5 6. Nc3 d6 7. a3 a5 8. Ne1 Be6 9. d3 Nge7 10. Nc2 d5 11. cxd5 Nxd5 12. Ne3 Nb6 13. Na4 Nxa4 14. Bxc6+ bxc6 15. Qxa4 Qc7 16. Nc4 0-0 17. Be3 Qe7 18. Rac1 Rfb8 19. Qxc6 Rc8 20. Qd6 Qb7 21. Qb6 Qd5 22. Qd6 Qb7 23. Qb6 Qd5 24. f3 Bf8 25. Qb3 Rab8 26. Qc3 a4 27. Rc2 Bg7 28. Rfc1 Qc6 29. Qd2 Qd7 30. Na5 Bf8 31. Nc4 Bg7 32. Qe1 Rb5 33. Qf2 Qd5 34. Kg2 Rcb8 35. Bd2 Qd7 36. Bc3 Bxc4 37. dxc4 R5b6 38. Rd2 Rd6 39. Rcd1 Rxd2 40. Rxd2 Qe6 41. Rd5 e4 42. Bxg7 exf3+ 43. Qxf3 Kxg7 44. Qc3+ Kg8 45. Qd3 Rb3 46. Qd2 Qe4+ 47. Kf2 Qxc4 48. Rd8+ Kg7 49. Qd6 Qd4+ 50. Qxd4+ cxd4 51. Rxd4 Rxb2 52. Rxa4 Ra2 53. Ra8 h5 54. h4 Kf6 55. Kf3 Ke6 56. a4 Ra3+ 57. Kf4 Kf6 58. Ra6+ Ke7 59. Ra7+ Ke6 60. Ra6+ Ke7 61. e4 Kf8 62. Ra7 Kg7 63. a5 Kf6 64. Ra6+ Kg7 65. Ra8 Kf6 66. a6 Kg7 67. a7 Ra5 68. Ke3 Ra3+ 69. Kd4 Ra4+ 70. Kc5 Ra1 71. e5 Rc1+ 72. Kd6 Rd1+ 73. Ke7 Ra1 74. e6 fxe6 75. Kxe6 Re1+ 76. Kd5 Rd1+ 77. Ke4 Re1+ 78. Kf3 Rf1+ 79. Kg2 Ra1 80. Kf2 Ra3 81. Ke2 Ra2+ 82. Kd3 Ra1 83. Kc4 1/2-1/2

[Event "Daventry 4NCL Easter op-A 3rd"]
[Site "Daventry"]
[Date "2023.04.08"]
[Round "3"]
[White "Moyse, Nigel John"]
[Black "Ackley, Peter JE"]
[Result "1/2-1/2"]
[WhiteElo "1968"]
[BlackElo "1931"]
[PlyCount "26"]
[EventDate "2023.04.07"]
[EventType "swiss"]
[EventRounds "7"]
[EventCountry "ENG"]
[SourceTitle "CBM 213 Extra"]
[Source "ChessBase"]
[SourceDate "2023.05.31"]
[SourceVersion "1"]
[SourceVersionDate "2023.05.31"]
[SourceQuality "1"]

1. e4 d6 2. d4 g6 3. Be3 c6 4. Nc3 Nf6 5. f3 Nbd7 6. Nge2 Qc7 7. g4 e5 8. g5 Nh5 9. Qd2 b5 10. Ng3 Nxg3 11. hxg3 Bb7 12. d5 a6 13. Qd1 Bc8 1/2-1/2

[Event "Daventry 4NCL Easter op-A 3rd"]
[Site "Daventry"]
[Date "2023.04.07"]
[Round "1"]
[White "Hebden, Mark"]
[Black "Ackley, Peter JE"]
[Result "1-0"]
[WhiteElo "2430"]
[BlackElo "1931"]
[PlyCount "37"]
[EventDate "2023.04.07"]
[EventType "swiss"]
[EventRounds "7"]
[EventCountry "ENG"]
[SourceTitle "CBM 213 Extra"]
[Source "ChessBase"]
[SourceDate "2023.05.31"]
[SourceVersion "1"]
[SourceVersionDate "2023.05.31"]
[SourceQuality "1"]

1. d4 d6 2. e4 g6 3. Bc4 Bg7 4. Nf3 Nf6 5. Qe2 0-0 6. e5 dxe5 7. dxe5 Nd5 8. 0-0 Be6 9. Bb3 c6 10. Ng5 Nd7 11. Nxe6 fxe6 12. Nc3 Qc7 13. Bd2 Rf5 14. Rae1 Raf8 15. Ne4 Qxe5 16. c3 Kh8 17. g3 N7f6 18. Ng5 Qc7 19. Nxe6 1-0

[Event "Hull 4NCL op"]
[Site "Hull"]
[Date "2022.10.16"]
[Round "4"]
[White "Cooper, John G"]
[Black "Ackley, Peter JE"]
[Result "1/2-1/2"]
[WhiteElo "2155"]
[BlackElo "1974"]
[PlyCount "61"]
[EventDate "2022.10.14"]
[EventType "swiss"]
[EventRounds "5"]
[EventCountry "ENG"]
[SourceTitle "CBM 210 Extra"]
[Source "ChessBase"]
[SourceDate "2022.11.30"]
[SourceVersion "1"]
[SourceVersionDate "2022.11.30"]
[SourceQuality "1"]

1. e4 d6 2. d4 Nf6 3. Nc3 g6 4. Be2 Bg7 5. h4 c5 6. d5 h5 7. Nh3 Na6 8. Nf4 Nc7 9. Rb1 Bd7 10. a4 a6 11. a5 Bb5 12. Nd3 Qd7 13. f3 e6 14. 0-0 exd5 15. e5 dxe5 16. Nxb5 Qxb5 17. Be3 c4 18. Nxe5 Qxa5 19. b3 0-0 20. bxc4 dxc4 21. Nxc4 Qd5 22. Qc1 Qe6 23. Rb6 Qe7 24. Rxb7 Nfd5 25. Bd3 Nxe3 26. Qxe3 Qxe3+ 27. Nxe3 Bd4 28. Rxc7 Bxe3+ 29. Kh1 a5 30. Bc4 Ra7 31. Rxa7 1/2-1/2

[Event "Leamington Spa 4NCL op-A 28th"]
[Site "Leamington Spa"]
[Date "2022.07.09"]
[Round "2"]
[White "Brewer, Callum D"]
[Black "Ackley, Peter JE"]
[Result "1-0"]
[WhiteElo "2146"]
[BlackElo "1960"]
[PlyCount "59"]
[EventDate "2022.07.08"]
[EventType "swiss"]
[EventRounds "5"]
[EventCountry "ENG"]
[SourceTitle "CBM 209 Extra"]
[Source "ChessBase"]
[SourceDate "2022.09.30"]
[SourceVersion "1"]
[SourceVersionDate "2022.09.30"]
[SourceQuality "1"]

1. e4 g6 2. d4 d6 3. Nc3 c6 4. f4 d5 5. e5 h5 6. Nf3 Nh6 7. Be3 Bg4 8. h3 Nf5 9. Bf2 Bxf3 10. Qxf3 h4 11. Bd3 e6 12. Ne2 Qb6 13. 0-0 c5 14. c3 Nc6 15. a4 cxd4 16. b4 Be7 17. a5 Qc7 18. Bxf5 gxf5 19. Nxd4 Nxd4 20. Bxd4 a6 21. Rfb1 Qc4 22. Qf1 Qxf1+ 23. Kxf1 Kd7 24. b5 axb5 25. Rxb5 Rhb8 26. Rab1 Kc8 27. Bb6 Bd8 28. c4 dxc4 29. Rd1 Be7 30. Rc5+ 1-0

[Event "Daventry 4NCL Easter op-A 2nd"]
[Site "Daventry"]
[Date "2022.04.18"]
[Round "7"]
[White "Fallowfield, Jeremy"]
[Black "Ackley, Peter JE"]
[Result "1/2-1/2"]
[WhiteElo "2152"]
[BlackElo "2002"]
[PlyCount "20"]
[EventDate "2022.04.15"]
[EventType "swiss"]
[EventRounds "7"]
[EventCountry "ENG"]
[SourceTitle "CBM 207 Extra"]
[Source "ChessBase"]
[SourceDate "2022.05.31"]
[SourceVersion "1"]
[SourceVersionDate "2022.05.31"]
[SourceQuality "1"]

1. e4 d6 2. d4 Nf6 3. Nc3 g6 4. f4 Bg7 5. Nf3 c5 6. Bb5+ Bd7 7. e5 Ng4 8. e6 Bxb5 9. exf7+ Kf8 10. Nxb5 Qa5+ 1/2-1/2

[Event "BCF-chTa 1920 (4NCL)"]
[Site "Daventry"]
[Date "2020.03.01"]
[Round "2.48"]
[White "Gurjar, Roshan"]
[Black "Ackley, Peter JE"]
[Result "0-1"]
[WhiteElo "1282"]
[BlackElo "2092"]
[PlyCount "99"]
[EventDate "2019.11.09"]
[EventType "team-tourn"]
[EventRounds "11"]
[EventCountry "ENG"]
[SourceTitle "CBM 195 Extra"]
[Source "ChessBase"]
[SourceDate "2020.05.31"]
[SourceVersion "1"]
[SourceVersionDate "2020.05.31"]
[SourceQuality "1"]
[WhiteTeam "Cambridge University"]
[BlackTeam "Spirit of Atticus"]
[WhiteTeamCountry "ENG"]
[BlackTeamCountry "ENG"]

1. e4 d6 2. d4 g6 3. Nc3 Bg7 4. Nf3 Nf6 5. h3 0-0 6. Bc4 Nxe4 7. Nxe4 d5 8. Bd3 dxe4 9. Bxe4 Nd7 10. c3 Nf6 11. Bc2 Be6 12. 0-0 a5 13. Be3 Nd5 14. Qd2 Nxe3 15. fxe3 c5 16. Qe2 Qb6 17. Bd3 Rac8 18. Qd2 Rfd8 19. Bc2 Bh6 20. b3 cxd4 21. Nxd4 Qc5 22. c4 Bxe3+ 23. Qxe3 Qxd4 24. Qxd4 Rxd4 25. Rad1 Rcd8 26. Kh2 f5 27. Kg3 Kf7 28. Rxd4 Rxd4 29. Rd1 Rxd1 30. Bxd1 Kf6 31. h4 h6 32. Bc2 g5 33. hxg5+ hxg5 34. Kf3 g4+ 35. Kf4 Bd7 36. a3 e5+ 37. Ke3 f4+ 38. Ke2 Bc6 39. Kf1 g3 40. b4 axb4 41. axb4 b6 42. Bd1 e4 43. c5 b5 44. Kg1 Ke5 45. Kh1 Kd4 46. Kg1 Kc4 47. Bf3 exf3 48. Kh1 Kxb4 49. Kg1 Kxc5 50. gxf3 0-1

[Event "BCF-chT3N 1920 (4NCL)"]
[Site "England"]
[Date "2020.01.12"]
[Round "4.32"]
[White "Hazlehurst, Cory S"]
[Black "Ackley, Peter JE"]
[Result "1/2-1/2"]
[WhiteElo "2020"]
[BlackElo "2021"]
[PlyCount "79"]
[EventDate "2019.11.09"]
[EventType "team-swiss"]
[EventRounds "11"]
[EventCountry "ENG"]
[SourceTitle "EXT 2022"]
[Source "ChessBase"]
[SourceDate "2021.10.06"]
[SourceVersion "1"]
[SourceVersionDate "2021.10.06"]
[SourceQuality "1"]
[WhiteTeam "3C's II"]
[BlackTeam "Spirit of Atticus II"]
[WhiteTeamCountry "ENG"]
[BlackTeamCountry "ENG"]

1. d4 d6 2. Nf3 g6 3. g3 Bg7 4. Bg2 Nd7 5. 0-0 e5 6. e4 Ngf6 7. Re1 0-0 8. Nc3 c6 9. a4 a5 10. h3 Qc7 11. Be3 Re8 12. Qd2 exd4 13. Nxd4 Nc5 14. Bf4 Nh5 15. Bh6 Be6 16. Bxg7 Nxg7 17. Rad1 Rad8 18. b3 f5 19. Kh2 fxe4 20. Nxe4 Nxe4 21. Rxe4 d5 22. Re3 Bc8 23. Rde1 Rxe3 24. Rxe3 Re8 25. Rxe8+ Nxe8 26. Qc3 Bd7 27. Qc5 Kf7 28. Nf3 Bf5 29. Ng5+ Kg8 30. c4 h6 31. Nf3 dxc4 32. Qxc4+ Kh7 33. Nd4 Ng7 34. Qc5 Ne6 35. Nxe6 Bxe6 36. Qc3 Qb6 37. Qf6 Qxb3 38. Be4 Bf7 39. Bc2 Qe6 40. Bxg6+ 1/2-1/2